[Event "Raisoni Memorial op U15"]
[Site "Nagpur"]
[Date "2012.09.18"]
[Round "3"]
[White "Rohan, Ahuja"]
[Black "Adethya, R."]
[Result "1-0"]
[WhiteElo "1978"]
[BlackElo "1672"]
[PlyCount "63"]
[EventDate "2012.09.17"]
[EventType "swiss"]
[EventRounds "11"]
[EventCountry "IND"]
[SourceTitle "CBM 150 Extra"]
[Source "ChessBase"]
[SourceDate "2012.10.19"]
[SourceVersion "1"]
[SourceVersionDate "2012.10.19"]
[SourceQuality "1"]

1. Nf3 d5 2. g3 c5 3. Bg2 Nc6 4. 0-0 e5 5. d3 f5 6. c4 d4 7. e3 Nf6 8. exd4 exd4 9. Re1+ Be7 10. Bf4 h6 11. Na3 a6 12. Nc2 0-0 13. Ne5 Nxe5 14. Bxe5 Bd6 15. f4 Qc7 16. b4 Rb8 17. bxc5 Bxe5 18. fxe5 Ng4 19. Qf3 Kh8 20. Qf4 Rd8 21. Bd5 Re8 22. e6 Qxc5 23. Qxb8 b5 24. Qf4 bxc4 25. Qxd4 Qxd4+ 26. Nxd4 cxd3 27. e7 Bd7 28. Bf7 d2 29. Re2 Ba4 30. Bxe8 d1Q+ 31. Rxd1 Bxd1 32. Bg6 1-0